| 000 | 00709nam a2200229 a 4500 | ||
|---|---|---|---|
| 001 | 000018676 | ||
| 005 | 20200929165834.0 | ||
| 008 | 100513s1969 sp 000 p spa d | ||
| 040 |
_aDO-SdBNP _bspa _cBNPHU |
||
| 082 |
_aN861.3 _bD218p |
||
| 100 | 1 |
_aDarío, Rubén, _d1867-1916 _915535 |
|
| 245 | 1 | 0 |
_aPoesías y cuentos / _cRubén Darío. |
| 260 |
_aBarcelona : _bZeus, _c1969. |
||
| 300 |
_a409 p. ; _c17 cm. |
||
| 490 | 1 | _aPodium obras significativas y calidad única | |
| 650 | 4 |
_aPoesía nicaragüense _98179 |
|
| 650 | 4 |
_aCuentos nicaragüenses _99879 |
|
| 650 | 4 |
_aLiteratura nicaragüense _98122 |
|
| 830 | 0 |
_aPodium obras significativas y calidad única _940333 |
|
| 910 | _aWM | ||
| 049 | _aBNGR | ||
| 999 |
_c18196 _d18196 |
||